Statistics for Countries With Jaguars

Click here to take the quiz!

General Stats

  • This quiz has been taken 135 times
  • The average score is 16 of 18

Answer Stats

Countries With Jaguars% Correct
Argentina
96%
Brazil
96%
Mexico
96%
United States
95%
Colombia
91%
Panama
90%
Peru
90%
Venezuela
90%
Bolivia
88%
Costa Rica
88%
Guyana
88%
Paraguay
88%
Suriname
88%
Ecuador
87%
Nicaragua
87%
Belize
85%
Guatemala
84%
Honduras
84%

Score Distribution

Percentile by Number Answered

Percent of People with Each Score

Your Score History

You have not taken this quiz